Every Governor of Arizona - Statistics

General Stats
  • This quiz has been taken 53 times
  • The average score is 7 of 28
Answer Stats
Picture Hint Answer % Correct
D(2023-) Katie Hobbs
95%
R(2015-2023) Doug Ducey
84%
D(2003-2009) Janet Napolitano
84%
R(2009-2015) Jan Brewer
63%
D(1988-1991) Rose Mofford
37%
R(1991-1997) Fife Symington
32%
D(1931-1933) George W. P. Hunt
26%
D(1923-1929) George W. P. Hunt
26%
D(1917-1919) George W. P. Hunt
26%
D(1912-1917) George W. P. Hunt
26%
R(1997-2003) Jane Dee Hull
26%
D(1978-1987) Bruce Babbitt
21%
R(1987-1988) Evan Mecham
21%
D(1975-1977) Raúl Héctor Castro
21%
R(1967-1975) Jack Williams
16%
D(1933-1937) Benjamin Baker Moeur
11%
R(1959-1965) Paul Fannin
11%
D(1965-1967) Samuel Pearson Goddard Jr.
11%
R(1919-1923) Thomas Edward Campbell
11%
R(1917-1917) Thomas Edward Campbell
11%
D(1977-1978) Wesley Bolin
11%
D(1948-1951) Dan Edward Garvey
5%
D(1995-1959) Ernest McFarland
5%
R(1929-1931) John Calhoun Phillips
5%
R(1951-1955) John Howard Pyle
5%
D(1937-1939) Rawghlie Clement Stanford
5%
D(1939-1941) Robert Taylor Jones
5%
D(1941-1948) Sidney Preston Osborn
5%
No matching quizzes found
Score Distribution
Percent of People with Each Score
Percentile by Number Answered
Your Score History
You have not taken this quiz